Write better, Speak Better / (Record no. 592949)
[ view plain ]
| 000 -LEADER | |
|---|---|
| fixed length control field | 00428nam a22001217a 4500 |
| 040 ## - CATALOGING SOURCE | |
| Transcribing agency | NUST |
| 082 ## - DEWEY DECIMAL CLASSIFICATION NUMBER | |
| Classification number | 411,REA |
| 245 ## - TITLE STATEMENT | |
| Title | Write better, Speak Better / |
| Statement of responsibility, etc. | Reader's Digest |
| 260 ## - PUBLICATION, DISTRIBUTION, ETC. | |
| Place of publication, distribution, etc. | Lahore |
| Name of publisher, distributor, etc. | PAF Book Club |
| Date of publication, distribution, etc. | 1977 |
| 300 ## - PHYSICAL DESCRIPTION | |
| Extent | 730 .p; |
| 505 ## - FORMATTED CONTENTS NOTE | |
| Formatted contents note | Part-1: How to write Better (Page-3), Part-2: The Tools of the Trade (Page-291), Part-3: How to Speak better (Page-385), Part-4: Four (Page-581). |
| 942 ## - ADDED ENTRY ELEMENTS (KOHA) | |
| Source of classification or shelving scheme | |
| Koha item type | Book |
| Call number prefix | 411,REA |
| Withdrawn status | Lost status | Source of classification or shelving scheme | Damaged status | Not for loan | Permanent Location | Current Location | Shelving location | Date acquired | Total Checkouts | Full call number | Barcode | Date last seen | Date last checked out | Price effective from | Koha item type | Public note |
|---|---|---|---|---|---|---|---|---|---|---|---|---|---|---|---|---|
| Military College of Signals (MCS) | Military College of Signals (MCS) | General Stacks | 01/18/2023 | 2 | 411,REA | MCS32868 | 04/30/2025 | 02/06/2025 | 01/18/2023 | Book | Almirah No.54, Shelf No.5 |
